[Event "Moncada Cup-E"]
[Site "Santiago de Cuba"]
[Date "2019.03.21"]
[Round "2.3"]
[White "Bonet Molina, Ariel"]
[Black "Calderin Gamayo, Julio Cesar"]
[Result "1/2-1/2"]
[WhiteElo "2179"]
[BlackElo "2172"]
[PlyCount "47"]
[EventDate "2019.03.20"]
[EventType "tourn"]
[EventRounds "10"]
[EventCountry "CUB"]
[SourceTitle "EXT 2023"]
[Source "ChessBase"]
[SourceDate "2022.10.05"]
[SourceVersion "1"]
[SourceVersionDate "2022.10.05"]
[SourceQuality "1"]

1. d4 c5 2. d5 e5 3. e4 d6 4. Nc3 a6 5. a4 Be7 6. Nf3 Bg4 7. Be2 Bxf3 8. Bxf3 Bg5 9. 0-0 Bxc1 10. Qxc1 Ne7 11. Nd1 Nd7 12. a5 0-0 13. Bg4 Nf6 14. f3 b5 15. axb6 Qxb6 16. Ne3 Nxg4 17. fxg4 Qb4 18. c4 a5 19. Rf2 Ra7 20. Qf1 Qb8 21. Ra3 Rb7 22. Nd1 Qc8 23. h3 Qd8 24. Nc3 1/2-1/2